Bible blessings. (Record no. 13009)

000 -LEADER
fixed length control field 00537nam a2200181 a 4500
001 - CONTROL NUMBER
control field :::00010827$&:&@@
003 - CONTROL NUMBER IDENTIFIER
control field OkBaRHE
005 - DATE AND TIME OF LATEST TRANSACTION
control field 20000607103402.0
008 - FIXED-LENGTH DATA ELEMENTS--GENERAL INFORMATION
fixed length control field s1866 j 000 0 eng u
040 ## - CATALOGING SOURCE
Transcribing agency
100 1# - MAIN ENTRY--PERSONAL NAME
Personal name Newton, Richard.
245 10 - TITLE STATEMENT
Title Bible blessings.
260 ## - PUBLICATION, DISTRIBUTION, ETC. (IMPRINT)
Place of publication, distribution, etc New York, NY., :
Name of publisher, distributor, etc Fleming H. Revell Company
Date of publication, distribution, etc c1866
300 ## - PHYSICAL DESCRIPTION
Extent 318 p. ;
Dimensions 20 cm.
650 ## - SUBJECT ADDED ENTRY--TOPICAL TERM
Topical term or geographic name as entry element Christian Life
942 ## - ADDED ENTRY ELEMENTS (KOHA)
Source of classification or shelving scheme
Koha item type Books
Copies
Permanent Location Date last seen Shelving location Lost status Copy number Koha item type Barcode Date acquired Source of classification or shelving scheme Not for loan Withdrawn status Full call number Price effective from Damaged status
RHEMA Bible Training College2010-04-14General Stacks 1Books108272010-04-14   BV 4501.2 .N4B52010-04-14